000 00593nam a22002537a 4500
003 OSt
005 20140311161020.0
008 130204t xxu||||| |||| 00| 0 eng d
020 _a9718966730
050 _aHF 5635
_b.V238 2006
100 _aValix, Conrado T.
245 _aFinancial accounting /
_c Conrado T. Valix.
260 _aManila :
_bGIC Enterprises,
_c2006.
300 _a967 p. :
_c23 cm.
521 _aBSBA
562 _e6
942 _2lcc
_cBK
_kLOC
999 _c17757
_d17757